[Event "Vojvodina op 11th"]
[Site "Novi Sad"]
[Date "2021.07.30"]
[Round "7"]
[White "Aniruddh, Chatterjee"]
[Black "Naumkin, Igor"]
[Result "0-1"]
[WhiteElo "1893"]
[BlackElo "2258"]
[PlyCount "126"]
[EventDate "2021.07.25"]
[EventType "swiss"]
[EventRounds "9"]
[EventCountry "SRB"]
[SourceTitle "CBM 203 Extra"]
[Source "ChessBase"]
[SourceDate "2021.09.30"]
[SourceVersion "1"]
[SourceVersionDate "2021.09.30"]
[SourceQuality "1"]

1. d4 e6 2. c4 f5 3. Nc3 Bb4 4. e3 Bxc3+ 5. bxc3 Nf6 6. Bd3 0-0 7. Ne2 b6 8. 0-0 Bb7 9. f3 c5 10. Qc2 Nc6 11. Bd2 Nh5 12. e4 fxe4 13. fxe4 e5 14. d5 Na5 15. Rxf8+ Qxf8 16. Rf1 Qe8 17. Bg5 Qg6 18. Rf5 Rf8 19. Be7 Rxf5 20. exf5 Qe8 21. f6 gxf6 22. Bxh7+ Kg7 23. g4 Nxc4 24. gxh5 Qxh5 25. Be4 Qg5+ 26. Ng3 Nd2 27. Qd3 Kf7 28. Bd6 Ba6 29. Bg6+ Qxg6 30. Qxd2 Bc4 31. a3 Qg4 32. Kf2 Kg7 33. a4 Kf7 34. Qh6 Bxd5 35. Ke1 Bb3 36. Kf2 Ke6 37. Bc7 Bd5 38. Ke1 Bc6 39. Qf8 Qg6 40. c4 Bxa4 41. Bd8 Qb1+ 42. Kf2 Qc2+ 43. Ke3 Qc1+ 44. Kf2 Qc2+ 45. Ne2 Qf5+ 46. Ke1 Qb1+ 47. Kd2 Qg6 48. h4 Qc2+ 49. Ke3 Qg6 50. Kd2 d5 51. cxd5+ Kxd5 52. Qxf6 Qc2+ 53. Ke1 Bd7 54. h5 Bg4 55. Qf2 Qb1+ 56. Kd2 Qb2+ 57. Ke3 Bxh5 58. Qg2+ Kc4 59. Bc7 Bxe2 60. Qg8+ Kb4 61. Qe8 Bb5 62. Qxe5 Qe2+ 63. Kf4 Qxe5+ 0-1

[Event "Vojvodina op 11th"]
[Site "Novi Sad"]
[Date "2021.07.28"]
[Round "5"]
[White "Aniruddh, Chatterjee"]
[Black "Furman, Boris"]
[Result "0-1"]
[WhiteElo "1893"]
[BlackElo "2114"]
[PlyCount "70"]
[EventDate "2021.07.25"]
[EventType "swiss"]
[EventRounds "9"]
[EventCountry "SRB"]
[SourceTitle "CBM 203 Extra"]
[Source "ChessBase"]
[SourceDate "2021.09.30"]
[SourceVersion "1"]
[SourceVersionDate "2021.09.30"]
[SourceQuality "1"]

1. d4 Nf6 2. c4 e6 3. Nc3 Bb4 4. f3 d5 5. e3 0-0 6. Bd3 c5 7. a3 cxd4 8. axb4 dxc3 9. bxc3 dxc4 10. Bxc4 Qc7 11. Qb3 b6 12. Ne2 Bb7 13. Bd3 Nbd7 14. c4 Ne5 15. Bb2 a5 16. bxa5 bxa5 17. Bxe5 Qxe5 18. Kf2 Rfb8 19. Qc3 Nd7 20. Rhb1 Qc7 21. Bc2 Nc5 22. Rb5 a4 23. Ra3 Rc8 24. Kg1 e5 25. Qe1 Qe7 26. Nc3 Bc6 27. Nd5 Bxd5 28. cxd5 e4 29. fxe4 Nd3 30. Rxd3 Rxc2 31. Qb1 Rcc8 32. d6 Qxe4 33. Rb4 Qc6 34. Rb2 Qd7 35. Qd1 Rc4 0-1

[Event "Vojvodina op 11th"]
[Site "Novi Sad"]
[Date "2021.07.26"]
[Round "3"]
[White "Popchev, Milko"]
[Black "Aniruddh, Chatterjee"]
[Result "1/2-1/2"]
[WhiteElo "2241"]
[BlackElo "1893"]
[PlyCount "153"]
[EventDate "2021.07.25"]
[EventType "swiss"]
[EventRounds "9"]
[EventCountry "SRB"]
[SourceTitle "CBM 203 Extra"]
[Source "ChessBase"]
[SourceDate "2021.09.30"]
[SourceVersion "1"]
[SourceVersionDate "2021.09.30"]
[SourceQuality "1"]

1. c4 c5 2. b3 Nc6 3. Bb2 e5 4. Nc3 g6 5. g3 Bg7 6. Bg2 Nge7 7. d3 d6 8. Qd2 Rb8 9. e4 0-0 10. Nge2 Be6 11. Nd5 b5 12. f4 Bg4 13. 0-0 a6 14. Rae1 bxc4 15. dxc4 Nxd5 16. cxd5 Bxe2 17. Rxe2 Nd4 18. Ref2 exf4 19. Qxf4 Qe7 20. g4 Be5 21. Qh6 Qd7 22. Qh3 a5 23. g5 Qe8 24. Kh1 a4 25. bxa4 Ra8 26. Bc1 Qe7 27. Qa3 Nb5 28. Qb3 Nd4 29. Qa3 Qa7 30. Qh3 Qc7 31. Qa3 Nb5 32. Qb3 Nd4 33. Qd1 Qa7 34. Qg4 c4 35. Bb2 Qxa4 36. Qh4 Qb5 37. Qh6 Ra7 38. Bc3 Raa8 39. Rd1 Bg7 40. Qh4 Qa4 41. Re1 Qa7 42. Re3 Ne6 43. Rff3 Bxc3 44. Rxc3 Nc5 45. Rxc4 Qb6 46. Rc1 Rxa2 47. Rcf1 Nd7 48. Rh3 h5 49. gxh6 Qb2 50. Rg3 Ra1 51. Qe7 Rxf1+ 52. Bxf1 Qf6 53. Qxf6 Nxf6 54. Rf3 Nd7 55. Rc3 Ne5 56. Rb3 Kh7 57. Rb6 Kxh6 58. Rxd6 Rb8 59. Rf6 Kg5 60. Rf2 Rb1 61. Kg2 Rb4 62. Rd2 Kf6 63. Kg3 Rb3+ 64. Kg2 Ke7 65. d6+ Kd8 66. Rd5 f6 67. Rb5 Rxb5 68. Bxb5 Nf7 69. d7 Ne5 70. Kg3 Nxd7 71. Kf4 Ne5 72. h4 Ke7 73. Ke3 Ke6 74. Be2 f5 75. h5 gxh5 76. exf5+ Kxf5 77. Bxh5 1/2-1/2

[Event "Novi Sad TS07 Mix"]
[Site "Novi Sad"]
[Date "2021.07.24"]
[Round "8"]
[White "Aniruddh, Chatterjee"]
[Black "Tesic, Dragan"]
[Result "1/2-1/2"]
[WhiteElo "1893"]
[BlackElo "2287"]
[PlyCount "39"]
[EventDate "2021.07.18"]
[EventType "swiss"]
[EventRounds "9"]
[EventCountry "SRB"]
[SourceTitle "CBM 203 Extra"]
[Source "ChessBase"]
[SourceDate "2021.09.30"]
[SourceVersion "1"]
[SourceVersionDate "2021.09.30"]
[SourceQuality "1"]

1. d4 Nf6 2. c4 g6 3. Nc3 d5 4. cxd5 Nxd5 5. Bd2 Bg7 6. e4 Nxc3 7. Bxc3 c5 8. d5 Bxc3+ 9. bxc3 Qa5 10. Qd2 0-0 11. Bd3 e5 12. Nf3 f6 13. h4 Qc7 14. h5 g5 15. d6 Qf7 16. Nxg5 fxg5 17. Bc4 Qxc4 18. Qxg5+ Kf7 19. Qe7+ Kg8 20. Qg5+ 1/2-1/2

[Event "Novi Sad TS07 Mix"]
[Site "Novi Sad"]
[Date "2021.07.24"]
[Round "9"]
[White "Shoshin, Kirill"]
[Black "Aniruddh, Chatterjee"]
[Result "1/2-1/2"]
[WhiteElo "2001"]
[BlackElo "1893"]
[PlyCount "36"]
[EventDate "2021.07.18"]
[EventType "swiss"]
[EventRounds "9"]
[EventCountry "SRB"]
[SourceTitle "CBM 203 Extra"]
[Source "ChessBase"]
[SourceDate "2021.09.30"]
[SourceVersion "1"]
[SourceVersionDate "2021.09.30"]
[SourceQuality "1"]

1. h3 d5 2. d4 g6 3. Bf4 Bg7 4. e3 c5 5. c3 Nd7 6. Nf3 Ngf6 7. Bd3 0-0 8. 0-0 b6 9. Nbd2 Bb7 10. Ne5 Ne8 11. Ndf3 c4 12. Bc2 Nd6 13. Re1 f6 14. Nxd7 Qxd7 15. Bxd6 exd6 16. e4 Rae8 17. Nd2 Bh6 18. exd5 Bxd5 1/2-1/2

[Event "Novi Sad TS07 Mix"]
[Site "Novi Sad"]
[Date "2021.07.21"]
[Round "4"]
[White "Aniruddh, Chatterjee"]
[Black "Tasev, Dejan"]
[Result "1-0"]
[WhiteElo "1893"]
[BlackElo "2246"]
[PlyCount "51"]
[EventDate "2021.07.18"]
[EventType "swiss"]
[EventRounds "9"]
[EventCountry "SRB"]
[SourceTitle "CBM 203 Extra"]
[Source "ChessBase"]
[SourceDate "2021.09.30"]
[SourceVersion "1"]
[SourceVersionDate "2021.09.30"]
[SourceQuality "1"]

1. d4 Nf6 2. c4 g6 3. Nc3 Bg7 4. Bg5 d6 5. e3 0-0 6. Be2 Nbd7 7. Qc2 c5 8. Nf3 h6 9. Bh4 g5 10. Bg3 cxd4 11. Nxd4 Nc5 12. Rd1 a5 13. 0-0 a4 14. f4 gxf4 15. exf4 Ra5 16. Kh1 Bd7 17. Bf3 Qc8 18. f5 Na6 19. Nd5 Nxd5 20. Bxd5 Nb4 21. Qe4 Re8 22. Be1 e6 23. fxe6 fxe6 24. Bxb4 Rxd5 25. cxd5 Qc4 26. Qg6 1-0

[Event "Novi Sad TS07 Mix"]
[Site "Novi Sad"]
[Date "2021.07.20"]
[Round "3"]
[White "Abramovic, Bosko"]
[Black "Aniruddh, Chatterjee"]
[Result "1-0"]
[WhiteElo "2334"]
[BlackElo "1893"]
[PlyCount "117"]
[EventDate "2021.07.18"]
[EventType "swiss"]
[EventRounds "9"]
[EventCountry "SRB"]
[SourceTitle "CBM 203 Extra"]
[Source "ChessBase"]
[SourceDate "2021.09.30"]
[SourceVersion "1"]
[SourceVersionDate "2021.09.30"]
[SourceQuality "1"]

1. Nf3 Nf6 2. g3 e6 3. Bg2 Be7 4. 0-0 0-0 5. c4 d5 6. d4 dxc4 7. Qa4 b6 8. Qxc4 Bb7 9. Bf4 c5 10. Nc3 Nbd7 11. Rad1 Rc8 12. Ne5 cxd4 13. Qxd4 Bxg2 14. Kxg2 Nxe5 15. Bxe5 Qe8 16. Qf4 Qc6+ 17. Qf3 Ng4 18. Nd5 exd5 19. Qxg4 Bf6 20. Bxf6 Qxf6 21. Rd2 Qe6 22. Qf3 d4 23. a3 Rfe8 24. Rfd1 h6 25. h3 Rc5 26. Qg4 Qc6+ 27. Qf3 Qe6 28. Qg4 Qc6+ 29. Kg1 Rc1 30. Rxd4 Rxd1+ 31. Rxd1 Qc2 32. e3 Qxb2 33. Qd7 Qe5 34. Qxa7 Qc5 35. a4 Qc6 36. Qd7 Qxd7 37. Rxd7 Ra8 38. Rd4 Ra5 39. Rb4 Kf8 40. g4 Ke7 41. Kg2 Kd7 42. Kg3 Kc6 43. h4 Rd5 44. h5 Rd1 45. Rf4 f6 46. Rc4+ Kb7 47. Kf4 Rd2 48. f3 Rd3 49. Re4 Rd7 50. Kf5 Ka6 51. f4 b5 52. axb5+ Kxb5 53. Rd4 Re7 54. e4 Kc5 55. Rd1 Kc6 56. e5 fxe5 57. fxe5 Kc7 58. e6 Kc6 59. Rd7 1-0

[Event "Novi Sad TS07 Mix"]
[Site "Novi Sad"]
[Date "2021.07.19"]
[Round "2"]
[White "Aniruddh, Chatterjee"]
[Black "Dhyana, Patel"]
[Result "1-0"]
[WhiteElo "1893"]
[BlackElo "1947"]
[PlyCount "119"]
[EventDate "2021.07.18"]
[EventType "swiss"]
[EventRounds "9"]
[EventCountry "SRB"]
[SourceTitle "CBM 203 Extra"]
[Source "ChessBase"]
[SourceDate "2021.09.30"]
[SourceVersion "1"]
[SourceVersionDate "2021.09.30"]
[SourceQuality "1"]

1. d4 Nf6 2. c4 g6 3. Nc3 d5 4. cxd5 Nxd5 5. Bd2 Bg7 6. e4 Nb6 7. Be3 0-0 8. Be2 Nc6 9. Nf3 Bg4 10. e5 Nb4 11. 0-0 c6 12. Ng5 Bxe2 13. Qxe2 N4d5 14. Rac1 Nxe3 15. fxe3 Bh6 16. Nce4 Nd5 17. Qg4 f6 18. Qe6+ Kg7 19. h4 Nxe3 20. exf6+ exf6 21. Qb3 fxg5 22. Nc5 Kh8 23. Qxe3 Re8 24. Ne6 Qd5 25. Rce1 Rad8 26. hxg5 Bg7 27. Rf4 Rd7 28. Re4 Rde7 29. Kh1 Qxa2 30. Qf4 Qd5 31. R4e3 Rg8 32. Qh4 Rxe6 33. Rxe6 Qxd4 34. Qxd4 Bxd4 35. Re7 Bc5 36. Rxb7 Rd8 37. Rc7 Bb6 38. Rxc6 Rd7 39. Rce6 Bc5 40. R6e5 Bb4 41. Rf1 Kg7 42. Re4 a5 43. Ref4 Rb7 44. Rd1 Re7 45. Rfd4 Kf7 46. Rd7 Ke6 47. Rxe7+ Bxe7 48. Ra1 Bb4 49. Rc1 Kf5 50. Rc7 Kxg5 51. Rxh7 Kf5 52. Rd7 g5 53. Kg1 Ke6 54. Rd1 Bd6 55. Kf2 Kd7 56. Rd5 Kc6 57. Rxa5 Bf4 58. Kf3 Bd2 59. Rf5 Bc1 60. b3 1-0

[Event "BAN-chT 1st League"]
[Site "Dhaka"]
[Date "2021.03.06"]
[Round "10.3"]
[White "Khan, Nazrana"]
[Black "Aniruddh, Chatterjee"]
[Result "1/2-1/2"]
[WhiteElo "1952"]
[BlackElo "1797"]
[PlyCount "42"]
[EventDate "2021.02.25"]
[EventType "team-tourn"]
[EventRounds "11"]
[EventCountry "BAN"]
[SourceTitle "EXT 2022"]
[Source "ChessBase"]
[SourceDate "2021.10.06"]
[SourceVersion "1"]
[SourceVersionDate "2021.10.06"]
[SourceQuality "1"]
[WhiteTeam "Mir CC"]
[BlackTeam "Dhaka CC"]
[WhiteTeamCountry "BAN"]
[BlackTeamCountry "BAN"]

1. d4 d5 2. c4 e6 3. Nc3 Nf6 4. Nf3 Be7 5. Bf4 Bd6 6. Bxd6 Qxd6 7. e3 b6 8. cxd5 exd5 9. Bd3 Bb7 10. 0-0 0-0 11. Ne5 c5 12. Rc1 Nc6 13. Nxc6 Bxc6 14. Bb5 Bb7 15. Bd3 Bc6 16. Bb5 Bb7 17. Bd3 Bc6 18. Bb5 Bb7 19. Bd3 Bc6 20. Bb5 Bb7 21. Bd3 Bc6 1/2-1/2

[Event "BAN-chT 1st League"]
[Site "Dhaka"]
[Date "2021.03.05"]
[Round "9.3"]
[White "Azher, Hossain"]
[Black "Aniruddh, Chatterjee"]
[Result "1/2-1/2"]
[WhiteElo "1359"]
[BlackElo "1797"]
[PlyCount "61"]
[EventDate "2021.02.25"]
[EventType "team-tourn"]
[EventRounds "11"]
[EventCountry "BAN"]
[SourceTitle "EXT 2022"]
[Source "ChessBase"]
[SourceDate "2021.10.06"]
[SourceVersion "1"]
[SourceVersionDate "2021.10.06"]
[SourceQuality "1"]
[WhiteTeam "Dhaka Knight's CC"]
[BlackTeam "Dhaka CC"]
[WhiteTeamCountry "BAN"]
[BlackTeamCountry "BAN"]

1. Nf3 c5 2. c4 Nc6 3. d4 cxd4 4. Nxd4 Nf6 5. Nc3 d5 6. cxd5 Nxd5 7. Nxc6 bxc6 8. Qc2 e5 9. e4 Nb4 10. Qb1 Bc5 11. a3 Qb6 12. axb4 Bxf2+ 13. Kd1 Be6 14. Kc2 Qxb4 15. b3 Bd4 16. Bd2 Bxc3 17. Bxc3 Qxe4+ 18. Kc1 Qe3+ 19. Bd2 Qf2 20. Qe4 0-0 21. Bd3 Qc5+ 22. Bc2 f5 23. Qe3 Qd5 24. Bc3 Qxg2 25. Rg1 f4 26. Rxg2 fxe3 27. Bxe5 g6 28. Kb2 a5 29. Rag1 Bf5 30. Bxf5 Rxf5 31. Bd4 1/2-1/2